Le feu d` artifice

Guardado en:
Bibliografiske detaljer
Hovedforfatter: Deville, Patrick
Format: Bog
Sprog:Undetermined
Udgivet: París, Francia Les éditions de minuit 1992
Fag:
Tags: Tilføj Tag
Ingen Tags, Vær først til at tagge denne postø!

MARC

LEADER 00000nam a2200000Ia 4500
008 170316s9999 xx 000 0 und d
040 |a cru BVZT 
090 |a 840 D-9.2fe 
100 |a Deville, Patrick 
245 |a Le feu d` artifice 
260 |a París, Francia 
260 |b Les éditions de minuit 
260 |c 1992 
300 |a 158 páginas 
650 |a LITERATURA FRANCESA 
650 |a NOVELA 
999 |c 7659  |d 7659 
942 |c 15 D  |h 840 D-9.2fe  |2 z